000 00380nam a2200145Ia 4500
008 230917s9999||||xx |||||||||||||| ||und||
040 _e101029
_aMAIN
041 _aEnglish
082 _a301.04 D74A
100 _aDoshi, S L
245 0 _aAdhunikata, uttar-adhunikta avam nav-samajshastriya siddhant
260 _aNew Delhi
_bRawat
_c2003
300 _axi, 466 p.
942 _cBK
999 _c118743
_d118743